[Event "THA-ch 45th"]
[Site "Ayutthaya"]
[Date "2022.04.12"]
[Round "9"]
[White "Saenpoch, Kansak"]
[Black "Taulananda, Anon"]
[Result "1/2-1/2"]
[WhiteElo "1523"]
[BlackElo "1605"]
[PlyCount "120"]
[EventDate "2022.04.08"]
[EventType "swiss"]
[EventRounds "9"]
[EventCountry "THA"]
[SourceTitle "CBM 207 Extra"]
[Source "ChessBase"]
[SourceDate "2022.05.31"]
[SourceVersion "1"]
[SourceVersionDate "2022.05.31"]
[SourceQuality "1"]

1. d4 d5 2. Nf3 Nf6 3. g3 c5 4. c3 cxd4 5. cxd4 Nc6 6. Bg2 Bg4 7. 0-0 e6 8. Bg5 h6 9. Bxf6 Qxf6 10. e3 Bd6 11. Nc3 0-0 12. Nb5 Bb8 13. Rc1 a6 14. Nc3 Rd8 15. h3 Bh5 16. Na4 Ba7 17. Nc5 Bxc5 18. Rxc5 Rac8 19. g4 Bg6 20. a4 b6 21. Rc3 Nb4 22. Ne5 Bh7 23. Nd7 Qe7 24. Nxb6 Rxc3 25. bxc3 Qc7 26. cxb4 Qxb6 27. Qd2 Rb8 28. Rc1 Bg6 29. Bf1 Qxb4 30. Qxb4 Rxb4 31. Bxa6 Rxa4 32. Be2 Ra2 33. Kf1 Kh7 34. Rc3 Rc2 35. Rxc2 Bxc2 36. Kg2 g5 37. Kg3 Kg6 38. h4 gxh4+ 39. Kxh4 f5 40. gxf5+ Bxf5 41. Bg4 h5 42. Bxh5+ Kf6 43. Bf3 Bd3 44. Kg4 Kg6 45. Kf4 Kf6 46. e4 dxe4 47. Bxe4 Bc4 48. Bc6 Bb3 49. Bd7 Bd5 50. Kg4 Bc4 51. f4 Bd5 52. Bc8 Bc4 53. f5 exf5+ 54. Bxf5 Be6 55. Bxe6 Kxe6 56. Kf4 Kd5 57. Ke3 Kd6 58. Ke4 Ke6 59. d5+ Kd6 60. Ke3 Kxd5 1/2-1/2

[Event "Bangkok Thailand op"]
[Site "Bangkok"]
[Date "2021.12.20"]
[Round "7"]
[White "Taulananda, Anon"]
[Black "Samatthanan, Jirath"]
[Result "1-0"]
[WhiteElo "1585"]
[BlackElo "1433"]
[PlyCount "107"]
[EventDate "2021.12.15"]
[EventType "swiss"]
[EventRounds "9"]
[EventCountry "THA"]
[SourceTitle "CBM 206 Extra"]
[Source "ChessBase"]
[SourceDate "2022.03.31"]
[SourceVersion "1"]
[SourceVersionDate "2022.03.31"]
[SourceQuality "1"]

1. d4 d5 2. c4 c6 3. cxd5 cxd5 4. Nc3 Nf6 5. Bf4 Nc6 6. e3 Qb6 7. Bb5 e6 8. Nge2 Bd7 9. 0-0 Be7 10. a3 0-0 11. Qd2 Rac8 12. Rfc1 Na5 13. Bxd7 Nxd7 14. Na4 Qa6 15. Qd1 Nc4 16. b4 b6 17. Nac3 Nf6 18. Bg5 Qb7 19. Bxf6 Bxf6 20. Nf4 Qd7 21. Qg4 g6 22. Ncxd5 Bg7 23. Nc3 Rfd8 24. Nfe2 h5 25. Qe4 b5 26. a4 a6 27. axb5 axb5 28. Ra6 Bf8 29. Rca1 Bxb4 30. Ra7 Rc7 31. Rxc7 Qxc7 32. Nxb5 Qd7 33. Nbc3 Rc8 34. h3 Be7 35. Ra8 Nd6 36. Rxc8+ Qxc8 37. Qd3 Qb7 38. Ng3 Qb4 39. Nce4 Nc4 40. Nf1 Nb6 41. Nfd2 Nd5 42. Nf3 Kg7 43. Ne5 Qa4 44. Qb1 Qa7 45. Nc6 Qc7 46. Nxe7 Qxe7 47. Nc5 Qc7 48. Kf1 Qc6 49. Qb8 Qb6 50. Qe5+ Kg8 51. g3 Qb5+ 52. Kg2 Qb1 53. Nxe6 Qb7 54. Qg7# 1-0

[Event "Bangkok Thailand op"]
[Site "Bangkok"]
[Date "2021.12.16"]
[Round "2"]
[White "Burbach, Anya Belle"]
[Black "Taulananda, Anon"]
[Result "0-1"]
[WhiteElo "1265"]
[BlackElo "1585"]
[PlyCount "78"]
[EventDate "2021.12.15"]
[EventType "swiss"]
[EventRounds "9"]
[EventCountry "THA"]
[SourceTitle "CBM 206 Extra"]
[Source "ChessBase"]
[SourceDate "2022.03.31"]
[SourceVersion "1"]
[SourceVersionDate "2022.03.31"]
[SourceQuality "1"]

1. e4 c6 2. d4 d5 3. Nc3 dxe4 4. Nxe4 Bf5 5. Ng3 Bg6 6. Nf3 Nd7 7. Be2 Ngf6 8. 0-0 e6 9. c3 Be7 10. Nh4 Qc7 11. f4 Nd5 12. c4 Bxh4 13. cxd5 cxd5 14. Nh5 0-0 15. Bd3 Bxd3 16. Qxd3 g6 17. Ng3 Rac8 18. Be3 Qc2 19. Qb5 Qc6 20. Qe2 Bxg3 21. hxg3 Nf6 22. Rac1 Qd7 23. g4 Ne4 24. Qf3 Rxc1 25. Rxc1 Rc8 26. Qd1 Rxc1 27. Qxc1 Qc6 28. Qd1 Qc4 29. a3 Kf8 30. Kh2 b5 31. g3 a5 32. Kg2 Ke7 33. Bf2 b4 34. axb4 axb4 35. Qa4 Nxf2 36. Kxf2 Qxd4+ 37. Kg2 Qxb2+ 38. Kh3 Qa3 39. Qc6 Qa1 0-1

[Event "THA-chT Rapid"]
[Site "Bangkok"]
[Date "2021.12.14"]
[Round "4.1"]
[White "Lalith, Babu MR"]
[Black "Taulananda, Anon"]
[Result "1-0"]
[WhiteElo "2557"]
[BlackElo "1461"]
[PlyCount "86"]
[EventDate "2021.12.13"]
[EventType "team-swiss (rapid)"]
[EventRounds "9"]
[EventCountry "THA"]
[SourceTitle "CBM 205 Extra"]
[Source "ChessBase"]
[SourceDate "2022.01.31"]
[SourceVersion "1"]
[SourceVersionDate "2022.01.31"]
[SourceQuality "1"]
[WhiteTeam "SJBVS"]
[BlackTeam "Big Rook Chess Academy II"]
[WhiteTeamCountry "THA"]
[BlackTeamCountry "THA"]

1. Nf3 Nf6 2. c4 c5 3. g3 Nc6 4. Bg2 g6 5. 0-0 Bg7 6. d4 cxd4 7. Nxd4 0-0 8. Nc3 a6 9. Rb1 Qc7 10. b3 d6 11. Bb2 Bd7 12. Rc1 Rac8 13. Nd5 Qd8 14. Nxf6+ Bxf6 15. Nxc6 Bxc6 16. Bxf6 exf6 17. Qd2 Qe7 18. Rfd1 Bxg2 19. Kxg2 Rcd8 20. Rc3 Rfe8 21. Re3 Qc7 22. Rd3 Qe7 23. e3 Qe4+ 24. Kg1 Re6 25. c5 d5 26. Rxd5 Rxd5 27. Qxd5 Qxd5 28. Rxd5 Rc6 29. Kf1 Kf8 30. Ke2 Ke7 31. Kd3 Ke6 32. Kd4 a5 33. h4 h5 34. e4 a4 35. b4 b6 36. cxb6 Rxb6 37. b5 Rb8 38. Kc4 Rc8+ 39. Rc5 Rb8 40. Kb4 Kd6 41. Rc2 Ke5 42. Kxa4 Kxe4 43. Kb4 Kd5 1-0

[Event "THA-chT Rapid"]
[Site "Bangkok"]
[Date "2021.12.14"]
[Round "6.1"]
[White "Wongsawan, Thoetsak"]
[Black "Taulananda, Anon"]
[Result "0-1"]
[WhiteElo "1704"]
[BlackElo "1461"]
[PlyCount "52"]
[EventDate "2021.12.13"]
[EventType "team-swiss (rapid)"]
[EventRounds "9"]
[EventCountry "THA"]
[SourceTitle "CBM 205 Extra"]
[Source "ChessBase"]
[SourceDate "2022.01.31"]
[SourceVersion "1"]
[SourceVersionDate "2022.01.31"]
[SourceQuality "1"]
[WhiteTeam "Pattaya 101"]
[BlackTeam "Big Rook Chess Academy II"]
[WhiteTeamCountry "THA"]
[BlackTeamCountry "THA"]

1. e4 c6 2. d4 d5 3. e5 Bf5 4. Nf3 e6 5. Be2 Ne7 6. 0-0 Nd7 7. c4 dxc4 8. Bxc4 Nd5 9. Nc3 N7b6 10. Be2 Be7 11. Bd2 0-0 12. h3 h6 13. a3 c5 14. Rc1 Rc8 15. Re1 Bh7 16. Na4 cxd4 17. Nxd4 Rxc1 18. Bxc1 Nxa4 19. Qxa4 Nb6 20. Qxa7 Qxd4 21. Be3 Qxb2 22. Bxb6 Qxa3 23. Qxb7 Qb4 24. Rc1 Bd8 25. Rc6 Be4 26. Rc4 Qb1+ 0-1

[Event "Pattaya op"]
[Site "Pattaya"]
[Date "2019.10.23"]
[Round "1"]
[White "Laddha, Yash Jayesh"]
[Black "Taulananda, Anon"]
[Result "1-0"]
[WhiteElo "1989"]
[BlackElo "1398"]
[PlyCount "95"]
[EventDate "2019.10.23"]
[EventType "swiss"]
[EventRounds "9"]
[EventCountry "THA"]
[SourceTitle "CBM 195 Extra"]
[Source "ChessBase"]
[SourceDate "2020.05.31"]
[SourceVersion "1"]
[SourceVersionDate "2020.05.31"]
[SourceQuality "1"]

1. d4 d5 2. c4 e6 3. Nc3 Nf6 4. cxd5 exd5 5. Bg5 Be7 6. Qc2 h6 7. Bh4 Nc6 8. e3 a6 9. a3 0-0 10. Bd3 Be6 11. Nge2 Re8 12. 0-0 Ng4 13. Bxe7 Nxe7 14. h3 Nf6 15. Na4 Qc8 16. Rac1 Bd7 17. Nc5 Bf5 18. Nf4 Bxd3 19. Qxd3 b6 20. Nb3 Qd7 21. Rc2 Ne4 22. Rfc1 c6 23. Nd2 f5 24. Nf3 c5 25. dxc5 Nxc5 26. Qe2 a5 27. Rd1 g5 28. Nd3 Rac8 29. Nxc5 Rxc5 30. Rcd2 Nc6 31. Qd3 Re4 32. Qb3 Ne7 33. Qxb6 Qc6 34. Qb8+ Kg7 35. Nd4 Qa6 36. Rd3 Rc8 37. Qg3 Qb6 38. Qf3 f4 39. exf4 Rxf4 40. Qe2 Re4 41. Re3 Re8 42. Rxe4 dxe4 43. Qxe4 Qxb2 44. Nf5+ Kf8 45. Nxe7 Rxe7 46. Rd8+ Kf7 47. Qf5+ Kg7 48. Qf8+ 1-0